| 000 | 00345nam a2200145Ia 4500 | ||
|---|---|---|---|
| 008 | 150201s2011 xx 000 0 und d | ||
| 082 |
_a612.015 _bM11D |
||
| 100 | _aDINESH PURI | ||
| 245 | _aTB. OF MEDICAL BIOCHEMISTRY | ||
| 250 | _a3RD | ||
| 260 |
_bELSEVIER _aDELHI _c2011 |
||
| 300 | _a1-715 | ||
| 650 | _aBIOCHEMISTRY | ||
| 942 |
_2ddc _cBK _015 |
||
| 999 |
_c1268 _d1268 |
||